Normal view MARC view

Entry Personal Name

Number of records used in: 1

001 - CONTROL NUMBER

  • control field: 245950

003 - CONTROL NUMBER IDENTIFIER

  • control field: OSt

005 - DATE AND TIME OF LATEST TRANSACTION

  • control field: 20251117123713.0

008 - FIXED-LENGTH DATA ELEMENTS

  • fixed length control field: 251117|| aca||aabn | a|a d

040 ## - CATALOGING SOURCE

  • Original cataloging agency: OSt
  • Transcribing agency: OSt

100 ## - HEADING--PERSONAL NAME

  • Personal name: MANJUNATHA (S)
  • Dates associated with a name: ಮಂಜುನಾಥ (ಎಸ್)

670 ## - SOURCE DATA FOUND

  • Source citation: Work cat.: (OSt)138417: MANJUNATHA (S) ಮಂಜುನಾಥ (ಎಸ್) , Manushya yuddhada bannagalu, 2008